Joueurs avec la meilleure note par pays sur FUT23 - Statistiques

Statistiques générales
  • Ce quiz a été pris 99 fois
  • Le résultat moyen est 35 sur 150
Statistiques - réponses
Pays Général Réponse % Correct
France 91 Kylian Mbappé
94%
Argentine 91 Lionel Messi
94%
Belgique 91 Kevin De Bruyne
90%
Brésil 89 Neymar
90%
Portugal 90 Cristiano Ronaldo
89%
Angleterre 89 Harry Kane
89%
Corée Du Sud 89 Heung-Min Son
89%
Croatie 88 Luka Modric
86%
Egypte 90 Mohamed Salah
86%
Canada 84 Alphonso Davies
81%
Allemagne 90 Manuel Neuer
81%
Norvège 88 Erling Haaland
80%
Gabon 85 Pierre-Emerick Aubameyang
80%
Sénégal 89 Sadio Mané
80%
Autriche 86 David Alaba
77%
Costa Rica 88 Keylor Navas
76%
Pologne 91 Robert Lewandowski
76%
Algerie 86 Riyad Mahrez
73%
Ecosse 87 Andrew Robertson
70%
Pays-Bas 90 Virgil Van Dijk
70%
Mauritanie 66 Pape Ibnou Ba
69%
Italie 88 Gianluigi Donnarumma
68%
Etats-Unis 82 Christian Pulisic
66%
Bosnie-Herzégovine 84 Edin Dzeko
66%
Pays De Galles 81 Gareth Bale
64%
Espagne 87 Rodri
64%
Slovénie 89 Jan Oblak
60%
Maroc 84 Achraf Hakimi
57%
Suisse 85 Yann Sommer
53%
Serbie 86 Sergej Milinkovic-Savic
51%
Suède 82 Zlatan Ibrahimovic
51%
Arménie 81 Henrikh Mkhitaryan
50%
Uruguay 84 Frederico Valverde
48%
Danemark 83 Kasper Schmeichel
45%
Iran 81 Mehdi Taremi
42%
Monténégro 84 Stefan Savic
42%
République Dominicaine 74 Mariano Diaz
41%
Colombie 84 Luis Diaz
40%
Slovaquie 86 Milan Skriniar
40%
République Tchèque 85 Patrick Schick
39%
Côte d'Ivoire 84 Franck Kessié
38%
Finlande 83 Lukas Hradecky
36%
République Centrafricaine 82 Geoffrey Kondogbia
35%
Guinée 81 Naby Keita
34%
Jamaique 80 Leon Bailey
32%
Hongrie 85 Péter Gulacsi
31%
Ghana 84 Thomas Partey
30%
Nigeria 84 Wilfred Ndidi
30%
Russie 79 Alexandr Golovin
26%
République Démocratique Du Congo 79 Chancel Mbemba
26%
Burkina Faso 81 Edmond Tapsoba
26%
Australie 78 Mathew Ryan
20%
Mexique 82 Raul Jimenez
20%
Japon 80 Daichi Kamada
19%
Turquie 84 Hakan Calhanoglu
19%
Corée Du Nord 70 Byong Jun An
18%
Angola 79 Clinton Mata
18%
Macédoine Du Nord 78 Eljif Elmas
17%
Irlande Du Nord 79 Jonny Evans
17%
Grèce 81 Odisseas Vlachodimos
17%
Arabie Saoudite 77 Salem Al Dawsari
17%
Cameroun 84 Joel Matip
16%
Equateur 79 Pervis Estupinan
16%
Mozambique 79 Reinildo
14%
Chili 80 Charles Aranguiz
13%
Cuba 70 Onel Hernandez
13%
Honk Kong 68 Vas Nunez
13%
Malte 75 Teddy Teuma
10%
Mali 81 Yves Bissouma
10%
Albanie 79 Berat Djimsiti
9%
Nouvelle-Zellande 76 Chris Wood
9%
Togo 79 Dakonam Djené
9%
Gambie 77 Musa Barrow
9%
Irlande 77 Matt Doherty
8%
Paraguay 78 Miguel Almiron
8%
Géorgie 77 Giorgi Mamardashvili
7%
Roumanie 79 Nicolae Stanciu
7%
Zambie 77 Patson Daka
7%
Kenya 75 Victor Wanyama
7%
Kosovo 80 Amir Rrahmani
6%
Tunisie 79 Ellyes Skhiri
6%
Vénézuela 78 Josef Martinez
6%
Ukraine 82 Ruslan Malinovskyi
6%
Libye 79 Ali Musrati
5%
Guinée-Bissau 74 Mama Samba Baldé
5%
Pérou 79 Renato Tapia
5%
Bénin 73 Steve Mounié
5%
Honduras 75 Alberth Elis
3%
Congo 74 Brice Samba
3%
Burundi 72 Youssouf Ndayishimiye
3%
Cap Vert 76 Jovane Cabral
2%
Chine 73 Junling Yan
2%
Tanzanie 72 Mbwana Ally Samatta
2%
Panama 73 Michael Murillo
2%
Libéria 75 Oscar Dorley
2%
Afghanistan 63 Rahmat Akbari
2%
Suriname 76 Sheraldo Becker
2%
Soudan Du Sud 50 Ajak Deu
1%
Curaçao 73 Eloy Room
1%
Philippines 74 Gerrit Holtmann
1%
Sainte Lucie 66 Janoi Donacien
1%
Trinité-Et-Tobago 76 Levi Garcia
1%
Zimbabwe 75 Marvelous Nakamba
1%
Afrique Du Sud 75 Thembinkosi Lorch
1%
Guam 63 A.J. DeLaGArza
0%
Kazakhstan 68 Alexander Merkel
0%
Moldavie 71 Alexandru Epureanu
0%
Ethiopie 61 Amin Askar
0%
Luxembourg 74 Anthony Moris
0%
Emirats Arabes Unis 72 Bandar Al Ahbabi
0%
Haiti 71 Carlens Arcus
0%
Guinée Equatoriale 75 Carlos Akapo
0%
Bolivie 73 Carlos Lampe
0%
Salvador 68 Darwin Cerén
0%
Ouganda 73 Denis Onyango
0%
Namibie 75 Deon Hotto
0%
Taipei Chinois 69 Dingyang Zhou
0%
Ouzbékistan 75 Eldor Shomurodov
0%
Indonésie 58 Elkan Baggott
0%
Lituanie 66 Emilijus Zubas
0%
Biélorussie 63 Evgeniy Shivkavka
0%
Comores 74 Faiz Selemani
0%
Iles Féroé 64 Gilli Rolantsson
0%
Syrie 68 Hosam Aiesh
0%
Estonie 66 Karol Mets
0%
Chypre 72 Kostantinos Laifis
0%
Ile Maurice 65 Lindsay Rose
0%
Gibraltar 59 Louie Annesley
0%
Montserrat 69 Lyle Taylor
0%
Azerbaidjan 69 Mahir Emreli
0%
Antigua Et Barbuda 68 Mahlon Romeo
0%
Liechtenstein 70 Marcel Buchel
0%
Madagascar 73 Marco Ilaimahritra
0%
Tchad 64 Marius Mouandilmadji
0%
Bulgarie 71 Martin Minchev
0%
Soudan 66 Mo Eisa
0%
Irak 70 Mohanad Jeahze
0%
Bermudes 68 Nahki Wells
0%
Thailande 62 Nicholas Mickelson
0%
Liban 63 Omar Bugiel
0%
Saint Christophe et Nieves 71 Romaine Sawyers
0%
Fidji 70 Roy Krishna
0%
Guatemala 67 Rubio Rubin
0%
Grenade 69 Shandon Baptiste
0%
Israel 76 Shon Weissman
0%
Sierra Leone 73 Steven Caulker
0%
Islande 76 Sverrir Ingi Ingason
0%
Guyana 62 Terence Vancooten
0%
Lettonie 67 Vladislavs Gutkovskis
0%
Porto Rico 66 Zarek Valentin
0%
Aucun quiz correspondant
Distribution des résultats
% des personnes avec chaque résultat
Percentile par nombre de réponses
Votre historique - résultats
Vous n’avez pas pris ce quiz